[Event "ICA Summer Classic (Open)"]
[Site "Boise, ID"]
[Date "2014.07.20"]
[Round "5.5"]
[White "Zaklan, David Allen"]
[Black "Edvalson, Paul"]
[Result "0-1"]
[WhiteElo "1276"]
[BlackElo "1604"]
[EventRounds "5"]
[EventCountry "USA"]

1. d4 d5 2. c4 c6 3. Nf3 e6 4. Nc3 f5 5. Bf4 Bd6 6. Bxd6 Qxd6 7. c5 Qc7 8. e3
Nd7 9. Bd3 Ngf6 10. O-O O-O 11. Ng5 Re8 12. Nf3 Ne4 13. Qc2 Rf8 14. Ne2 Qd8
15. Nf4 Qe7 16. b4 g5 17. Ne2 g4 18. Nd2 Ndf6 19. Nf4 Bd7 20. a4 a6 21. f3
Nxd2 22. Qxd2 Kh8 23. fxg4 Nxg4 24. h3 Nf6 25. Qe2 Ne4 26. Qh5 Ng3 27. Ng6+
Kg7 28. Nxe7 Nxh5 29. b5 Rae8 30. bxc6 bxc6 31. Be2 Ng3 32. Rf2 Nxe2+ 33. Rxe2
Rxe7 34. Rb2 e5 35. Rb6 Ra8 36. Rab1 exd4 37. exd4 Be8 38. Kf2 Re4 39. Rb7+
Kg8 40. Rd1 Bh5 41. Rd2 f4 42. a5 Re3 43. Rbb2 Ra3 44. Ra2 Rxa2 45. Rxa2 Rb8
46. g4 fxg3+ 47. Kxg3 Rb3+ 48. Kf4 Kf7 49. Ke5 Ke7 50. Rf2 Re3+ 51. Kf4 Rxh3
52. Kg5 Bg6 53. Re2+ Be4 54. Kg4 Rd3 55. Kf4 Rxd4 56. Ke5 Rc4 57. Rb2 Kf7 58.
Rb7+ Kg6 59. Kd6 d4 60. Rb6 d3 61. Rb1 Rc2 62. Rg1+ Rg2 63. Re1 d2 64. Rxe4
d1=Q+ 65. Kc7 Qf3 66. Re6+ Kh5 67. Rxc6 Rg7+ 68. Kb6 Qf7 69. Kxa6 Qa7+ 70. Kb5
Rb7+ 71. Rb6 Rd7 72. a6 Kg5 73. Rb7 Rxb7+ 74. axb7 Qxb7+ 75. Kc4 h5 {#R} 0-1

[Event "ICA Players Memorial"]
[Site "Boise, ID"]
[Date "2014.08.23"]
[Round "2.1"]
[White "Kircher, Caleb Paul"]
[Black "Edvalson, Paul"]
[Result "1-0"]
[WhiteElo "1890"]
[BlackElo "1620"]
[EventRounds "5"]
[EventCountry "USA"]

1. f4 d5 2. e3 Nf6 3. b3 Bg4 4. Nf3 e6 5. Bb2 Nbd7 6. h3 Bh5 7. Be2 Bd6 8. Ne5
Bxe2 9. Qxe2 Ne4 10. Qg4 f5 11. Qh5+ g6 12. Nxg6 Ndf6 13. Qh4 Rg8 14. Ne5 Rxg2
15. Nf3 Be7 16. Nc3 Qd7 17. O-O-O Nf2 18. Rdg1 Rxg1+ 19. Rxg1 N2e4 20. Ne5 Qd6
21. Nxe4 dxe4 22. Nc4 Qd8 23. Bxf6 Bxf6 24. Rg8+ Ke7 25. Qxh7+ {#r} 1-0

[Event "ICA Players Memorial"]
[Site "Boise, ID"]
[Date "2014.08.23"]
[Round "3.5"]
[White "Edvalson, Paul"]
[Black "Siek, Justin"]
[Result "1-0"]
[WhiteElo "1620"]
[BlackElo "959"]
[EventRounds "5"]
[EventCountry "USA"]

1. e4 d5 2. exd5 Nf6 3. c4 c6 4. dxc6 Nxc6 5. g3 b6 6. Bg2 Bb7 7. Ne2 e6 8. d4
Be7 9. O-O O-O 10. Nbc3 Rc8 11. h3 h6 12. Be3 Qd7 13. Qd2 Rfd8 14. Rab1 a6 15.
a3 Rc7 16. f4 Qd6 17. b4 Qd7 18. d5 exd5 19. Bxb6 dxc4 20. Qxd7 Rcxd7 21. Bxd8
Rxd8 22. Rfd1 Re8 23. Nd5 Nxd5 24. Bxd5 Bf6 25. Bxc4 Re3 26. Rb3 Re7 27. Nc3
Re3 28. Nd5 Rxb3 29. Nxf6+ gxf6 30. Bxb3 Ne7 31. Rd7 Bc8 32. Rd8+ Kg7 33. Re8
Bxh3 34. Rxe7 Bf5 35. Rxf7+ Kg6 36. Bc4 h5 37. Re7 Bc8 38. Rc7 Bf5 39. Bxa6
Be4 40. b5 Kf5 41. b6 Kg4 42. Bb7 Bd3 43. Kf2 Bb5 44. Rc5 Bd7 45. Bf3+ Kh3 46.
Rc1 Kh2 47. Rh1# 1-0

[Event "ICA Players Memorial"]
[Site "Boise, ID"]
[Date "2014.08.24"]
[Round "4.3"]
[White "Buus, Jarod N"]
[Black "Edvalson, Paul"]
[Result "1-0"]
[WhiteElo "1514"]
[BlackElo "1620"]
[EventRounds "5"]
[EventCountry "USA"]

1. e4 c5 2. Nf3 Nc6 3. d4 cxd4 4. Nxd4 Nf6 5. Nc3 g6 6. Be3 d6 7. Bc4 Qb6 8.
Ndb5 Qa5 9. a3 Nxe4 10. Bxf7+ Kxf7 11. Qd5+ Be6 12. Qxe4 Bg7 13. O-O a6 14.
Qf4+ Bf6 15. Nd4 Bd7 16. Rad1 Rhd8 17. Nf3 Kg8 18. Nd5 Bxb2 19. Bb6 Qxa3 20.
Bxd8 Rxd8 21. Rfe1 Rf8 22. Qc4 e6 23. Nb6 Na5 24. Qg4 Be8 25. Qxe6+ Bf7 26.
Qxd6 Qxd6 27. Rxd6 Bc3 28. Red1 Be8 29. Nd5 Bg7 30. Ng5 Nc4 31. Ne7+ Kh8 32.
Rd8 a5 33. Rxe8 Rxe8 34. Nf7# 1-0

[Event "FM David Lucky Simul"]
[Site "Boise, ID"]
[Date "2016.01.30"]
[Round "13"]
[White "Lucky, David"]
[Black "Edvalson, Paul"]
[Result "1-0"]
[WhiteElo "2381"]
[BlackElo "1593"]
[EventCountry "USA"]

1. Nf3 d5 2. c4 c6 3. d4 Nf6 4. cxd5 cxd5 5. Nc3 e6 6. Bf4 Bd6 7. Bg3 Bxg3 8.
hxg3 Nbd7 9. e3 a6 10. Bd3 b5 11. Ne5 Bb7 12. Rc1 Rc8 13. Qf3 b4 14. Ne2 Rxc1+
15. Nxc1 Qc7 16. O-O Nxe5 17. Qf4 Nfd7 18. dxe5 Qxe5 19. Qxb4 Qc7 20. Nb3 Qb6
21. Qa3 f6 22. Rc1 Kf7 23. Qa5 Rc8 24. Rxc8 Bxc8 25. Qc3 Bb7 26. Na5 Nc5 27.
Nxb7 Nxd3 28. Qxd3 Qxb7 29. b3 Kg8 30. Qc3 h6 31. Qc5 Kf7 32. b4 Qb5 33. Qd6
a5 34. Qc7+ Kg6 35. Qxa5 Qc4 36. b5 Qc2 37. Qa6 Qc1+ 38. Kh2 Qc4 39. a4 e5 40.
Qa8 d4 41. exd4 exd4 42. b6 Qc5 43. Qe4+ Kf7 44. b7 Qh5+ 45. Qh4 {#r} 1-0